Which Movie Was Jim Carrey In? - Statistics

General Stats
  • This quiz has been taken 71 times
  • The average score is 14 of 15
Answer Stats
Question Answer % Correct
Which One? Batman: Forever
100%
Which One? Dumb And Dumber
100%
Which One? How The Grinch Stole Christmas
100%
Which One? Sonic The Hedgehog
100%
Which One? The Cable Guy
100%
Which One? The Mask
100%
Which One? The Truman Show
100%
Which One? Bruce Almighty
93%
Which One? Eternal Sunshine of the Spotless Mind
93%
Which One? Mr Popper's Penguins
93%
Which One? Yes Man
93%
Which One? Ace Ventura: Pet Detective
87%
Which One? Man On The Moon
87%
Which One? Horton Hears A Who
73%
Which One? A Christmas Carol
60%
No matching quizzes found
Score Distribution
Percent of People with Each Score
Percentile by Number Answered
Your Score History
You have not taken this quiz